[Event "Werner-Ott-Open Kreuzberger Sommer 2018"]
[Site "Berlin"]
[Date "2018.07.07"]
[Round "8.5"]
[White "Dathe, Frederick"]
[Black "Wierzbicki, Jirawat"]
[Result "0-1"]
[WhiteElo "1895"]
[BlackElo "2161"]
[Annotator "Stockfish 221017 64 (1m)"]
[PlyCount "86"]
[EventDate "2018.06.30"]
[EventType "swiss"]
[EventRounds "9"]
[EventCountry "GER"]
[SourceTitle "WOOKS_2018_R8"]
[Source "Andreas Lange"]
[SourceDate "2018.07.07"]
[SourceVersion "1"]
[SourceVersionDate "2018.07.07"]
[SourceQuality "1"]
[WhiteTeam "SC Kreuzberg"]
[BlackTeam "SK Koenig Tegel 1949"]
[WhiteTeamCountry "GER"]
[BlackTeamCountry "GER"]

{A09: Reti-Eröffnung} 1. Nf3 d5 2. c4 dxc4 3. e3 Be6 4. Na3 (4. Ng5 Bd5 5. e4
Bc6 6. Bxc4 e6 7. d3 Be7 8. Nf3 Nf6 9. Nc3 O-O 10. O-O a6 11. a4 b6 12. Qe2
Nbd7 13. Rd1 e5 14. Be3 Bc5 15. d4 exd4 16. Nxd4 Bb7 17. f3 Re8 18. Qf2 Qe7 {
Agrest,E (2596)-Rabiega,R (2503) Berlin Meierei Bolle 2015 The Week in Chess
1093 [Lange,Andreas1] 0-1 (50)}) (4. Nc3 f6 5. b3 cxb3 6. d4 Bf7 7. Ba3 bxa2 8.
Bd3 Nd7 9. O-O Nb6 10. e4 e6 11. Bxf8 Kxf8 12. e5 f5 13. Qc1 Ne7 14. Rxa2 h6
15. Rd2 g5 16. Bb1 Kg7 17. Ba2 c6 18. Ne1 Nbd5 {Figura,A (2382)-Antal,G (2538)
Schwerin 2015 0-1 (36)}) 4... Nf6 $146 (4... c5 5. Nxc4 Nc6 6. b3 Bd5 7. Bb2 f6
8. d4 cxd4 9. Nxd4 e5 10. Nb5 Bb4+ 11. Bc3 Bxc3+ 12. Nxc3 Nge7 13. Qg4 g6 14.
O-O-O f5 15. Qg3 O-O 16. Kb2 b5 17. Nxe5 f4 18. exf4 Nxe5 19. fxe5 {Espig,L 
(2455)-Sher,M (2535) Berlin 1993 1-0 (32)}) 5. Nxc4 Bd5 6. b3 e6 7. Bb2 Be7 8.
Be2 O-O 9. O-O c5 10. Rc1 b6 11. Qc2 Nc6 12. Rfd1 Nb4 13. Qb1 Rc8 14. a3 Bxf3
15. gxf3 Nc6 16. Ne5 Nxe5 17. Bxe5 Bd6 18. d4 Bxe5 19. dxe5 Nd5 20. Kh1 Qh4 21.
Rf1 Rfd8 22. Rc4 Qe7 23. Rg1 Nc7 24. Rcg4 {(=)} Ne8 25. Bd3 g6 26. f4 Ng7 27.
e4 Rc7 28. Bb5 Rd2 29. Rd1 Qd8 30. Rgg1 h5 31. f5 exf5 32. Rxd2 Qxd2 33. exf5
Qd5+ 34. Rg2 Nxf5 35. Qxf5 Qxg2+ 36. Kxg2 gxf5 37. Kg3 a6 38. Bxa6 Ra7 39. Bc4
Rxa3 40. Kh4 b5 41. Bd5 c4 42. bxc4 bxc4 43. e6 Kf8 (43... Kf8 $19) 0-1

[Event "Werner-Ott-Open Kreuzberger Sommer 2018"]
[Site "Berlin"]
[Date "2018.07.07"]
[Round "8.6"]
[White "Kohler, Thomas"]
[Black "Woerz, Markus"]
[Result "1-0"]
[WhiteElo "2147"]
[BlackElo "2007"]
[Annotator "Stockfish 221017 64 (1m)"]
[PlyCount "97"]
[EventDate "2018.06.30"]
[EventType "swiss"]
[EventRounds "9"]
[EventCountry "GER"]
[SourceTitle "WOOKS_2018_R8"]
[Source "Andreas Lange"]
[SourceDate "2018.07.07"]
[SourceVersion "1"]
[SourceVersionDate "2018.07.07"]
[SourceQuality "1"]
[WhiteTeam "SC Zitadelle Spandau 1977"]
[BlackTeam "SC Kreuzberg"]
[WhiteTeamCountry "GER"]
[BlackTeamCountry "GER"]

{D50: Damengambit (Canal/Prins-Gambit)} 1. Nf3 Nf6 2. c4 c5 3. Nc3 e6 4. d4
cxd4 5. Nxd4 d5 6. Bg5 Be7 7. e3 (7. cxd5 exd5 8. e3 O-O 9. Be2 Nc6 10. O-O h6
11. Bh4 Re8 12. Rc1 Na5 13. a3 Be6 14. Ncb5 Nc6 15. Nxc6 bxc6 16. Rxc6 Rb8 17.
Nc7 Qd7 18. Nxe8 Nxe8 19. Bxe7 Qxc6 20. b4 Rc8 21. Bc5 a5 {Elsing,J (2124)
-Vogel,R (2258) Berlin SC Friesen Lichtenberg 2012 1/2-1/2 (60)}) 7... Nbd7
$146 (7... O-O 8. Be2 (8. Rc1 Nc6 9. cxd5 exd5 10. Be2 h6 11. Bh4 Ne5 12. O-O
Ng6 13. Bg3 Bd6 14. Bxd6 Qxd6 15. Bf3 Nh4 16. Ndb5 Nxf3+ 17. Qxf3 Qb6 18. Qf4
Be6 19. Qd4 Qxd4 20. Nxd4 {1/2-1/2 (20) Schreiter,T (2016)-Werner,G (2128)
Berlin 2017 XVII. DBMM 2017 [Riess,Bernhard]}) 8... dxc4 9. Bxc4 Qc7 10. Qe2 a6
11. a3 b5 12. Bb3 Bb7 13. O-O Qb6 14. Rac1 Nc6 15. Nf3 h6 16. Bh4 Na5 17. Ba2
Rac8 18. Ne5 Rfd8 19. Rfd1 Qc7 20. Bg3 Bd6 21. Nf3 Bxg3 22. hxg3 {Mueller,E 
(1629)-Hoppe,R (1797) Berlin 2014 07BSenEM2014 [Jaeger,André] 1/2-1/2}) (7...
Nc6 8. cxd5 Nxd5 9. Bxe7 Ncxe7 10. Qd2 Nxc3 11. Qxc3 O-O 12. Bd3 Nd5 13. Qd2
Bd7 14. O-O Qb6 15. Rac1 Rac8 16. Bb1 Nf6 17. h3 Rfd8 18. Rxc8 Rxc8 19. Rc1 Qd8
20. a3 Bc6 21. Qb4 Bd5 22. Rd1 {Engelhardt,R-Muskewitz,B (1930) Berlin 2007 1/
2-1/2}) 8. cxd5 Nxd5 9. Bxe7 Nxe7 10. Be2 O-O 11. O-O Ne5 12. Qb3 Qa5 13. Qb5
Qxb5 14. Ncxb5 a6 15. Nd6 Rd8 16. Ne4 Kf8 17. Rfd1 b6 18. f4 Bb7 19. Ng5 N5c6
20. Nxh7+ Ke8 21. Nxc6 Bxc6 22. Ng5 Nd5 23. Kf2 a5 24. Rac1 Ba4 25. b3 Bd7 26.
a3 Rac8 27. Ba6 Rc3 28. Rxc3 Nxc3 29. Rd3 Nd5 30. Bb7 Nf6 31. Ke1 Rb8 32. Bf3
Ke7 33. Rc3 Ne8 34. Ne4 Nd6 35. Nxd6 Kxd6 36. h4 f6 37. Kd2 Re8 38. Rd3+ Kc7
39. Rc3+ Kd6 40. Be4 e5 41. Bg6 Re7 42. Rd3+ Kc7 43. g3 Bc6 44. Bf5 Re8 45. g4
Rh8 46. h5 Rf8 47. fxe5 fxe5 48. e4 Rh8 49. Ke3 1-0

[Event "Werner-Ott-Open Kreuzberger Sommer 2018"]
[Site "Berlin"]
[Date "2018.07.07"]
[Round "8.7"]
[White "Bui, Bao Anh Le"]
[Black "Federau, Juergen"]
[Result "1-0"]
[WhiteElo "1883"]
[BlackElo "2127"]
[Annotator "Stockfish 221017 64 (1m)"]
[PlyCount "93"]
[EventDate "2018.06.30"]
[EventType "swiss"]
[EventRounds "9"]
[EventCountry "GER"]
[SourceTitle "WOOKS_2018_R8"]
[Source "Andreas Lange"]
[SourceDate "2018.07.07"]
[SourceVersion "1"]
[SourceVersionDate "2018.07.07"]
[SourceQuality "1"]
[WhiteTeam "SV Mattnetz Berlin"]
[BlackTeam "SC Kreuzberg"]
[WhiteTeamCountry "GER"]
[BlackTeamCountry "GER"]

{B90: Sizilianisch (Najdorf-Variante, Abweichungen)} 1. e4 c5 2. Nf3 d6 3. d4
cxd4 4. Nxd4 Nf6 5. Nc3 a6 6. Be3 e5 7. Nb3 Be6 8. f3 h5 9. Qd2 Nbd7 10. O-O-O
Be7 (10... b5 11. Nd5 Bxd5 12. exd5 Rc8 13. Be2 Qc7 14. c3 Be7 15. Kb1 Nb6 16.
Bxb6 Qxb6 17. h3 h4 18. Qg5 g6 19. Qd2 Nh5 20. Rhe1 Nf4 21. Bf1 Kf8 22. Re4 Bg5
23. Qc2 a5 24. Nc1 Rc5 25. Nd3 {Foerster Yialamas,L (1924)-Bui,B (1974)
Willingen 2018 1-0 (40)}) 11. Kb1 b5 $146 (11... Rc8 12. g3 b5 13. Nd5 Bxd5 14.
exd5 Nb6 15. Bxb6 Qxb6 16. Na5 Rc5 17. c4 bxc4 18. Nxc4 Qb7 19. Ne3 O-O 20. Bd3
Rb8 21. Rc1 Rbc8 22. Rxc5 Rxc5 23. Rc1 Rxc1+ 24. Qxc1 g6 25. a3 Qb6 26. Qd2 {
Akopian,V (2648)-Anand,V (2803) Berlin Meierei Bolle 2015 The Week in Chess
1093 [Lange,Andreas1] 1/2-1/2 (44)}) 12. Nd5 Bxd5 13. exd5 Nb6 14. Bxb6 Qxb6
15. Na5 Rc8 16. Nc6 Nxd5 17. Nxe7 Nxe7 18. Qxd6 Qxd6 19. Rxd6 Nc6 20. Rd1 Ke7
21. Bd3 g6 22. a4 Rb8 23. axb5 axb5 24. Be4 Rhc8 25. Rhe1 Ke6 26. f4 Ne7 27.
Bd5+ Nxd5 28. Rxe5+ Kf6 29. Rdxd5 Rc4 30. Rd6+ Kg7 31. f5 Rf4 32. fxg6 fxg6 33.
Re7+ Kh6 34. Ree6 Rg4 35. g3 h4 36. gxh4 b4 37. h3 Rg2 38. Rb6 Ra8 39. b3 Rg1+
40. Kb2 Raa1 41. Rxb4 Rab1+ 42. Kc3 Rg3+ 43. Kd2 Rh1 44. Rg4 Rxg4 45. hxg4 Rxh4
46. Re4 Kg5 47. b4 1-0

[Event "Werner-Ott-Open Kreuzberger Sommer 2018"]
[Site "Berlin"]
[Date "2018.07.07"]
[Round "8.8"]
[White "Silz, Elisa"]
[Black "Rehberg, Raphael"]
[Result "1/2-1/2"]
[WhiteElo "1988"]
[BlackElo "2279"]
[Annotator "Stockfish 221017 64 (1m)"]
[PlyCount "67"]
[EventDate "2018.06.30"]
[EventType "swiss"]
[EventRounds "9"]
[EventCountry "GER"]
[SourceTitle "WOOKS_2018_R8"]
[Source "Andreas Lange"]
[SourceDate "2018.07.07"]
[SourceVersion "1"]
[SourceVersionDate "2018.07.07"]
[SourceQuality "1"]
[WhiteTeam "SV Empor Berlin"]
[BlackTeam "SG Lok Brandenburg"]
[WhiteTeamCountry "GER"]
[BlackTeamCountry "GER"]

{D45: Damengambit (Anti-Meraner Variante)} 1. d4 Nf6 2. Nf3 e6 3. c4 d5 4. Nc3
c6 5. e3 Nbd7 6. Bd3 Bd6 7. O-O dxc4 (7... b6 8. e4 dxe4 9. Nxe4 Nxe4 10. Bxe4
Bb7 11. d5 cxd5 12. cxd5 Nc5 13. Ng5 exd5 14. Bf5 Qf6 15. Re1+ Kf8 16. Qg4 g6
17. Bc2 h6 18. Nf3 Ne4 19. Qd7 Bc6 20. Qg4 Bc5 21. Bxe4 dxe4 22. Bf4 {
Haemmerlein,T (2163)-Kristovic,S (2039) Berlin-Prenzlauer Berg 2007 0-1 (38)})
8. Bxc4 O-O (8... b5 9. Bd3 O-O 10. a4 b4 11. Ne4 Nxe4 12. Bxe4 Bb7 13. a5 Rc8
14. Bd2 Ba6 15. Re1 c5 16. Qa4 Nf6 17. Bb1 cxd4 18. exd4 Nd5 19. Be4 Bb7 20.
Ne5 Bxe5 21. dxe5 Qh4 22. Qb3 Rfd8 23. Qg3 {Paulsen,D-Figura,A Berlin 2018 1/
2-1/2}) 9. b3 e5 10. Bb2 $146 (10. dxe5 Nxe5 11. Nxe5 Bxe5 12. Bb2 Bf5 13. Qe2
b5 14. Rad1 Qc7 15. Bd3 Bxh2+ 16. Kh1 Bg4 17. f3 Nh5 18. Ne4 Bf5 19. f4 Bxe4
20. Qxh5 Bxd3 21. Rxd3 Rad8 22. Rxd8 Qxd8 23. Rd1 Qe7 24. Qg4 f5 {Hamann,
F-Mueller,S Deutschland 1994 0-1 (66)}) 10... Qe7 11. Re1 e4 12. Nd2 Nb6 13.
Be2 Nbd5 14. Rc1 Nxc3 15. Bxc3 Nd5 16. Bb2 f5 17. Nc4 Bc7 18. Ba3 Nb4 19. Qd2
a5 20. f4 exf3 21. Bxf3 Be6 22. e4 fxe4 23. Rxe4 Qf6 24. Ne5 Bd5 25. Re3 Bxf3
26. Rxf3 Qd6 27. Rcf1 Rxf3 28. Nxf3 Rd8 29. Rd1 Bb6 30. Kf1 Qd5 31. Bxb4 Qb5+
32. Qe2 Qxe2+ 33. Kxe2 axb4 34. Rd2 1/2-1/2

[Event "Werner-Ott-Open Kreuzberger Sommer 2018"]
[Site "Berlin"]
[Date "2018.07.07"]
[Round "8.9"]
[White "Kauschmann, Herbert"]
[Black "Rollwitz, Juergen"]
[Result "1/2-1/2"]
[WhiteElo "2162"]
[BlackElo "1949"]
[Annotator "Stockfish 221017 64 (1m)"]
[PlyCount "48"]
[EventDate "2018.06.30"]
[EventType "swiss"]
[EventRounds "9"]
[EventCountry "GER"]
[SourceTitle "WOOKS_2018_R8"]
[Source "Andreas Lange"]
[SourceDate "2018.07.07"]
[SourceVersion "1"]
[SourceVersionDate "2018.07.07"]
[SourceQuality "1"]
[WhiteTeam "BSC Rehberge 1945"]
[BlackTeam "SC Rochade"]
[WhiteTeamCountry "GER"]
[BlackTeamCountry "GER"]

{B07: Pirc-Ufimzew-Verteidigung} 1. e4 d6 2. d4 e5 3. c3 (3. dxe5 Nc6 4. Nf3 f6
5. exd6 Bxd6 6. Be3 Bg4 7. Nc3 Qe7 8. h3 Bxf3 9. Qxf3 Bb4 10. Bd2 Nd4 11. Qd3
O-O-O 12. O-O-O Nb3+ 13. axb3 Rxd3 14. cxd3 Nh6 15. Nb5 Qc5+ 16. Nc3 f5 17.
exf5 Nxf5 {Hoffmann,T-Zimmermann,P Berlin Sonnenblumen GS 2009 0-1}) 3... Be7
4. Bc4 Nf6 5. Qe2 $146 (5. Nd2 exd4 6. cxd4 Nc6 7. Ngf3 Bg4 8. Qb3 O-O 9. Qc2
h6 10. O-O Qd7 11. a3 a6 12. Re1 Nh5 13. e5 d5 14. Ba2 Nf4 15. Bb1 g6 16. Nf1
Nxg2 17. e6 Bxe6 18. Rxe6 Qxe6 19. Ng3 Nh4 {Moeller,D (1514)-David,H (1336)
Berlin 2014 07BSenEM2014 [Jaeger,André] 0-1 (51)}) 5... O-O 6. Nf3 Nbd7 7. Bb3
c6 8. O-O Qc7 9. Nbd2 Nb6 10. dxe5 dxe5 11. h3 Bc5 12. Re1 Qe7 13. Nf1 Be6 14.
Ng3 g6 15. Bh6 Rfe8 16. Bc2 Qc7 17. b3 Bf8 18. Qe3 Nfd7 19. Rad1 f6 20. Bxf8
Nxf8 21. c4 Red8 22. c5 Rxd1 23. Rxd1 Nbd7 24. a4 Qa5 1/2-1/2

[Event "Werner-Ott-Open Kreuzberger Sommer 2018"]
[Site "Berlin"]
[Date "2018.07.07"]
[Round "8.10"]
[White "Krueger, Robin-Kevin"]
[Black "Sommaro, Katja"]
[Result "1/2-1/2"]
[WhiteElo "1942"]
[BlackElo "2087"]
[Annotator "Stockfish 221017 64 (1m)"]
[PlyCount "57"]
[EventDate "2018.06.30"]
[EventType "swiss"]
[EventRounds "9"]
[EventCountry "GER"]
[SourceTitle "WOOKS_2018_R8"]
[Source "Andreas Lange"]
[SourceDate "2018.07.07"]
[SourceVersion "1"]
[SourceVersionDate "2018.07.07"]
[SourceQuality "1"]
[WhiteTeam "MTV Tostedt"]
[BlackTeam "SV Berolina Mitte"]
[WhiteTeamCountry "GER"]
[BlackTeamCountry "GER"]

{B06: Moderne Verteidigung} 1. e4 g6 2. d4 Bg7 3. Nf3 d6 4. Bc4 Nf6 5. Qe2 O-O
6. e5 Ne8 (6... dxe5 7. dxe5 Nd5 8. h3 Be6 9. O-O Nd7 10. Bd2 a5 11. Nc3 N7b6
12. Bxd5 Nxd5 13. Ne4 Nb4 14. Bxb4 axb4 15. Rfd1 Qc8 16. Qb5 c6 17. Qxb4 Bd5
18. Ned2 Qc7 19. c4 c5 20. Qb5 Be6 21. Ne4 {Howell,D (2633)-Aronian,L (2807)
Berlin 2012 0-1 (55)}) 7. Nbd2 (7. O-O c5 8. dxc5 dxe5 9. Nxe5 Qd4 10. Nf3 Qxc5
11. Be3 Qc7 12. Nc3 Nd6 13. Bb3 Bg4 14. Nd5 Qd7 15. Bg5 Nc6 16. Nxe7+ Kh8 17.
Nxc6 Qxc6 18. Qd3 Bxb2 19. Rab1 Bxf3 20. gxf3 Bg7 21. Be7 Nf5 {Namyslo,H (2226)
-Buchal,S (2309) Berlin 2017 1/2-1/2 (31)}) 7... c6 $146 (7... c5 8. dxc5 d5 9.
Bd3 Qc7 10. O-O Nd7 11. Re1 Nxc5 12. h3 Bd7 13. Nb3 b6 14. Bg5 Bc6 15. Nbd4 Bb7
16. Qe3 Ne4 17. Bf4 e6 18. c3 Nc5 19. Bc2 Qd7 20. Rad1 Nc7 21. Nh2 f5 22. exf6
{Popovic,P (2496)-Thiede,L (2450) Berlin-Tegel 2010 1-0 (83)}) 8. O-O Bf5 9. c3
dxe5 10. Nxe5 Nd6 11. Bb3 Qc8 12. Ndf3 Be6 13. Re1 Bxb3 14. axb3 Na6 15. b4 Re8
16. Bf4 Nc7 17. Nd3 a6 18. h3 Ne6 19. Bh2 Qb8 20. Nc5 Nxc5 21. dxc5 Nb5 22.
Rad1 Qc8 23. Ne5 Rd8 24. Nc4 Rxd1 25. Rxd1 Qe8 26. Qd2 e5 27. Na5 Rb8 28. Qd7
Kf8 29. c4 1/2-1/2

[Event "Werner-Ott-Open Kreuzberger Sommer 2018"]
[Site "Berlin"]
[Date "2018.07.07"]
[Round "8.11"]
[White "Zschaebitz, Klaus"]
[Black "Weber, Erwin"]
[Result "0-1"]
[WhiteElo "2082"]
[BlackElo "1982"]
[Annotator "Stockfish 221017 64 (1m)"]
[PlyCount "52"]
[EventDate "2018.06.30"]
[EventType "swiss"]
[EventRounds "9"]
[EventCountry "GER"]
[SourceTitle "WOOKS_2018_R8"]
[Source "Andreas Lange"]
[SourceDate "2018.07.07"]
[SourceVersion "1"]
[SourceVersionDate "2018.07.07"]
[SourceQuality "1"]
[WhiteTeam "BSG 1827 Eckbauer"]
[BlackTeam "SC Weisse Dame"]
[WhiteTeamCountry "GER"]
[BlackTeamCountry "GER"]

{A10: Abarten von Holländisch, Damenindisch, Königsindisch (ohne d2-d4)} 1. c4
f5 2. g3 Nf6 3. Bg2 g6 4. Nc3 Bg7 5. d3 O-O 6. e4 fxe4 7. dxe4 d6 8. Nge2 c5 9.
O-O Nc6 10. f4 $146 (10. h3 e5 11. Be3 Be6 12. Nd5 Qd7 13. Kh2 Nd4 14. Qd2 Rf7
15. f4 Raf8 16. Rf2 Nh5 17. Nec3 exf4 18. gxf4 Qd8 19. Rff1 Qh4 20. Qf2 Qxf2
21. Rxf2 Nxf4 22. Bxf4 g5 23. Bxd6 Rxf2 24. Bxf8 Kxf8 {Steinhagen,B (2324)
-Jaster,R (2335) Rostock 2011 0-1 (58)}) (10. Rb1 e5 11. Nd5 Be6 12. Bg5 Qd7
13. Qd2 Nd4 14. Nxd4 cxd4 15. f4 Nxd5 16. cxd5 Bg4 17. Rbc1 Rac8 18. Rxc8 Rxc8
19. f5 gxf5 20. h3 fxe4 21. hxg4 Qxg4 22. Rc1 Rxc1+ 23. Qxc1 e3 24. Be7 e2 {
Polatel,A (2211)-Weber,E (1953) Berlin 2017 1-0 (41)}) (10. Nd5 Ng4 11. f3 Nge5
12. Qc2 e6 13. Nef4 a6 14. Nd3 Nxd3 15. Qxd3 Nd4 16. Be3 e5 17. Bxd4 exd4 18.
Qd2 b5 19. b3 Qe7 20. h4 bxc4 21. bxc4 Be6 22. Kh2 Qf7 23. Rac1 Rab8 24. Rc2
Qd7 {Poldauf,D (2404)-Loebler,H (2216) Rethymnon 2003 rethymnon.pgn [Lange,
Andreas1] 1/2-1/2}) (10. b3 Ne8 11. Be3 Nc7 12. Qd2 Ne6 13. Bh6 Ned4 14. Bxg7
Kxg7 15. f3 a6 16. Nxd4 cxd4 17. Ne2 e5 18. Nc1 b5 19. cxb5 axb5 20. Nd3 Qa5
21. b4 Qa3 22. Rac1 Qa6 23. f4 Be6 24. f5 Bc4 {Buttkus,A (2045)-Rietze,C (2279)
Berlin-Lichtenrade 2015 0-1 (32)}) 10... Be6 11. Nd5 Qd7 12. Qd3 Bh3 13. Ne3
Bxg2 14. Kxg2 Nb4 15. Qb1 e6 16. a3 Nc6 17. Qd3 Rad8 18. Bd2 Qc7 19. Bc3 b6 20.
Rae1 Qb7 21. Nd1 Ne7 22. Nf2 d5 23. exd5 exd5 24. Qf3 Ne4 25. Rd1 Ng5 26. Qg4
d4+ (26... d4+ $19) 0-1

[Event "Werner-Ott-Open Kreuzberger Sommer 2018"]
[Site "Berlin"]
[Date "2018.07.07"]
[Round "8.12"]
[White "Schulz, Hartmut"]
[Black "Jaeger, Andre"]
[Result "1/2-1/2"]
[WhiteElo "2080"]
[BlackElo "1922"]
[Annotator "Stockfish 221017 64 (1m)"]
[PlyCount "32"]
[EventDate "2018.06.30"]
[EventType "swiss"]
[EventRounds "9"]
[EventCountry "GER"]
[SourceTitle "WOOKS_2018_R8"]
[Source "Andreas Lange"]
[SourceDate "2018.07.07"]
[SourceVersion "1"]
[SourceVersionDate "2018.07.07"]
[SourceQuality "1"]
[WhiteTeam "SC Rochade"]
[BlackTeam "SC Rochade"]
[WhiteTeamCountry "GER"]
[BlackTeamCountry "GER"]

{E67: Königsindisch (Hauptvariante des g3-Systems ohne e2-e4)} 1. d4 g6 2. Nf3
Bg7 {(=)} 3. g3 Nf6 4. Bg2 O-O 5. O-O d6 6. c4 Nbd7 7. Nc3 e5 8. Qc2 Re8 9. Rd1
c6 10. dxe5 dxe5 11. e4 $146 (11. b3 Qb6 12. Be3 Qa5 13. h3 Nf8 14. Ng5 Bf5 15.
Qd2 Rad8 16. Nd5 Qxd2 17. Nxf6+ Bxf6 18. Rxd2 Rxd2 19. Bxd2 e4 20. Rd1 e3 21.
Bxe3 Rxe3 22. fxe3 Bxg5 23. e4 Be6 24. Kf2 Nd7 25. e3 h5 {Goehringer,W (1735)
-Artukovic,A (2008) Berlin 2009 0-1 (38)}) (11. Be3 Qe7 (11... Ng4 12. Bc5 f5
13. h3 Nh6 14. Be3 Nf7 15. Qd2 h6 16. Qc2 Qf6 17. Rac1 Nb6 18. b3 Be6 19. Ne1
Rad8 20. Nd3 e4 21. Nf4 Rxd1+ 22. Qxd1 Rd8 23. Qc2 Bc8 24. f3 exf3 25. Bxf3 Ne5
26. Bg2 {Hohn,A (1810)-Heerde,T (1992) Berlin-Lichtenrade 2015 qt2015-r1...r9.
pgn [Lange,Andreas1] 0-1 (51)}) (11... Qc7 12. h3 Nb6 13. Nd2 Be6 14. b3 Rad8
15. Rac1 h5 16. Nde4 Bf5 17. Bg5 Rxd1+ 18. Rxd1 Nxe4 19. Nxe4 Nd7 20. Qd2 Bxe4
21. Qxd7 Qxd7 22. Rxd7 Bxg2 23. Kxg2 b5 24. cxb5 cxb5 25. Rxa7 e4 26. Be3 {
Hohn,A (2046)-Schmidek,E (1792) Berlin-Lichtenrade 2012 0-1 (47)}) 12. h3 Nf8
13. Rac1 Bf5 14. Qa4 N6d7 15. b4 Nb6 16. Qb3 Nfd7 17. Nd2 Be6 18. Nce4 Rab8 19.
Nc5 Nf8 20. Qa3 Ra8 21. b5 Red8 22. bxc6 bxc6 23. Qa6 Rac8 24. Nb7 Bxc4 25.
Nxc4 Rxd1+ {Hohn,A (1999)-Prudlo,S (2269) Berlin 2008 1/2-1/2}) (11. Bg5 Qc7
12. Rd2 a5 13. Rad1 Nc5 14. Bxf6 Bxf6 15. Rd6 Be7 16. R6d2 f5 17. e3 Be6 18. b3
g5 19. Ne1 Rad8 20. Nd3 Na6 21. e4 f4 22. gxf4 gxf4 23. Kh1 Kh8 24. f3 Nb4 25.
Nxb4 axb4 {Goehringer,W (1657)-Silz,E (1862) Berlin 2014 0-1}) 11... Qc7 12. h3
a5 13. Be3 b5 14. cxb5 cxb5 15. Rac1 Ba6 16. Qb1 Qb7 1/2-1/2

[Event "Werner-Ott-Open Kreuzberger Sommer 2018"]
[Site "Berlin"]
[Date "2018.07.07"]
[Round "8.13"]
[White "Kather, Yannick"]
[Black "Fock, Amina"]
[Result "0-1"]
[WhiteElo "2053"]
[BlackElo "1770"]
[Annotator "Stockfish 221017 64 (1m)"]
[PlyCount "107"]
[EventDate "2018.06.30"]
[EventType "swiss"]
[EventRounds "9"]
[EventCountry "GER"]
[SourceTitle "WOOKS_2018_R8"]
[Source "Andreas Lange"]
[SourceDate "2018.07.07"]
[SourceVersion "1"]
[SourceVersionDate "2018.07.07"]
[SourceQuality "1"]
[WhiteTeam "SC Weisse Dame"]
[BlackTeam "SC Zugzwang 95"]
[WhiteTeamCountry "GER"]
[BlackTeamCountry "GER"]

{B06: Moderne Verteidigung} 1. e4 c5 2. c3 d5 3. exd5 Qxd5 4. d4 g6 5. Nf3 Bg7
6. Na3 cxd4 7. Bc4 Qe4+ 8. Be3 $5 Nh6 $8 9. cxd4 (9. Nb5 O-O 10. Bd3 Qg4 11. h3
Qh5 12. Nfxd4 Qxd1+ 13. Rxd1 Nc6 14. Nxc6 bxc6 15. Nxa7 Nf5 16. Nxc8 Rfxc8 17.
Bxf5 gxf5 18. a3 c5 19. Kd2 c4 20. Kc2 Rc7 21. Rd5 e6 22. Rc5 Rxc5 23. Bxc5 Ra5
{Rabiega,R (2540)-Rosenthal,D (2395) Deutschland 2008 1-0 (36)}) 9... O-O 10.
O-O $146 (10. Nb5 Nc6 11. Nc3 Qg4 12. h3 Qh5 (12... Qd7 13. g4 Kh8 14. d5 Na5
15. Be2 b6 16. Qd2 Ng8 17. h4 Nf6 18. Ne5 Qd8 19. h5 Nxh5 20. Nxf7+ Rxf7 21.
gxh5 Bf5 22. hxg6 Bxg6 23. Bd3 Qd6 24. Ke2 Qb4 25. Rag1 Bxd3+ 26. Qxd3 Qxb2+
27. Bd2 {Mueer,S (2216)-Glantz,R (2328) Berlin 2018 1/2-1/2 (69)}) 13. Qd2 Ng4
14. Bg5 h6 15. Bh4 Nf6 16. Bg3 Qa5 17. O-O Bf5 18. Ne5 Rad8 19. Nxc6 bxc6 20.
Qe3 {1/2-1/2 (20) Langrock,H (2380)-Anibar,A (2206) Deutschland 2008}) 10...
Nf5 11. Re1 Nxe3 12. fxe3 Bh6 13. Qe2 Bf5 14. Nb5 Nc6 15. Rac1 Nb4 16. Nc3 Qc6
17. Ne5 Qd6 18. a3 Nc6 19. Nb5 Qd8 20. Nxc6 bxc6 21. Nc3 e5 22. Rcd1 Qc8 23.
Qf2 Be6 24. Be2 Bb3 25. Rb1 Qe6 26. Bf3 Rae8 27. Qh4 Bg7 28. Ne4 Qe7 29. Qxe7
Rxe7 30. Nc5 Bd5 31. e4 Bc4 32. b3 Be6 33. d5 cxd5 34. exd5 Bf5 35. d6 Ree8 36.
Rbd1 Bf6 37. g4 Be6 38. d7 Rb8 39. Nxe6 fxe6 40. Re3 h6 41. Kg2 Kf7 42. b4 Rb6
43. Be4 Rd8 44. Rf3 Kg7 45. Rdf1 Bg5 46. Rf7+ Kg8 47. Bxg6 Rbb8 48. Bh7+ Kh8
49. Bd3 Bf4 50. Bc4 Rf8 51. Bxe6 Rxf7 52. Bxf7 Bg5 53. Rf5 Bf4 54. h4 0-1

[Event "Werner-Ott-Open Kreuzberger Sommer 2018"]
[Site "Berlin"]
[Date "2018.07.07"]
[Round "8.14"]
[White "Thaer, Abdulkadhim Ismaeel"]
[Black "Gebigke, Martin"]
[Result "0-1"]
[WhiteElo "1952"]
[BlackElo "2050"]
[Annotator "Stockfish 221017 64 (1m)"]
[PlyCount "168"]
[EventDate "2018.06.30"]
[EventType "swiss"]
[EventRounds "9"]
[EventCountry "GER"]
[SourceTitle "WOOKS_2018_R8"]
[Source "Andreas Lange"]
[SourceDate "2018.07.07"]
[SourceVersion "1"]
[SourceVersionDate "2018.07.07"]
[SourceQuality "1"]
[WhiteTeam "SC Zugzwang 95"]
[BlackTeam "SC Kreuzberg"]
[WhiteTeamCountry "GER"]
[BlackTeamCountry "GER"]

{A13: Reti-Eröffnung} 1. Nf3 Nf6 2. c4 e6 3. g3 d5 4. Bg2 d4 5. O-O c5 6. e3
Nc6 7. exd4 cxd4 8. d3 h6 (8... Bd6 9. Bg5 h6 10. Bxf6 Qxf6 11. Nbd2 Qe7 12.
Ne4 Bc7 13. Re1 O-O 14. a3 a5 15. Rc1 Bd7 16. c5 Rfd8 17. Qb3 Be8 18. Nfd2 a4
19. Qa2 Ne5 20. Qb1 Bb5 21. Bf1 f5 22. Nd6 Bxd6 23. cxd6 {Wagner,D (2550)
-Fridman,D (2639) Berlin 2018 0-1}) 9. Re1 Bd6 10. Na3 O-O 11. b3 $146 (11. Nc2
e5 12. b4 Re8 13. c5 Bc7 14. b5 Nb8 15. Na3 Nbd7 16. Qc2 Nf8 17. Bd2 Ng6 18.
Nc4 Bf5 19. Qb3 Be6 20. a4 Bd5 21. Bb4 Qd7 22. Rac1 Nh5 23. Nfd2 Nhf4 24. gxf4
Bxg2 25. Kxg2 Nh4+ {Medvegy,Z (2510)-Lauber,A (2449) Eppingen 2014 1-0 (41)})
11... e5 12. Qc2 Bf5 13. c5 Bc7 14. Bd2 Re8 15. Nb5 Bb8 16. Nh4 Bh7 17. Rad1 g5
18. Nf3 e4 19. dxe4 Nxe4 20. Qb2 d3 21. Bc3 Nxc3 22. Rxe8+ Qxe8 23. Qxc3 Qd7
24. h3 Be4 25. Na3 Bc7 26. Nc4 Rd8 27. Ncd2 Bf5 28. b4 a6 29. a3 Re8 30. g4 Bg6
31. Nc4 Bf4 32. Re1 Re6 33. Rxe6 Qxe6 34. a4 Qe2 35. b5 axb5 36. axb5 Ne7 37.
Ncd2 Qd1+ 38. Nf1 Qe2 39. c6 bxc6 40. bxc6 Qc2 41. Qa5 Nxc6 42. Qa8+ Nb8 43.
Qd5 Qc3 44. Qa8 Kh7 45. N3d2 Bxd2 46. Qxb8 Bf4 47. Qb7 Qe1 48. Qb3 Qe2 49. Qd5
Qe5 50. Qxe5 Bxe5 51. Ne3 Bf4 52. Nf5 h5 53. Be4 d2 54. Bc2 Kh8 55. Kf1 Bxf5
56. gxf5 Kg7 57. Bd1 Kh6 58. Ke2 g4 59. hxg4 h4 60. Kf3 Kg5 61. Kg2 Kf6 62. Kh3
Kg5 63. Be2 Be5 64. Bd1 Bf6 65. Be2 Kf4 66. Bd1 Bg5 67. Be2 f6 68. Bd1 Ke4 69.
Kg2 Kd3 70. Kf3 Kc3 71. Ke4 Kb2 72. f4 h3 73. fxg5 Kc1 74. gxf6 Kxd1 75. f7 h2
76. f8=Q h1=Q+ 77. Kf4 Qh2+ 78. Kg5 Qe5 79. Qa8 Ke2 80. Qg2+ Kd3 81. Qf1+ Qe2
82. Qb1+ Ke3 83. Qb6+ Kf3 84. Qc6+ Kf2 (84... Kf2 $19) 0-1